000 01027nam a2200229 i 4500
001 85224
003 ES-MaACL
005 20230906175213.0
007 t|
008 041126s1923 sp ||||1| spa d
100 1 _aJiménez de Asúa, Felipe.
_966490
245 1 0 _aAplicación del método del Rio-Hortega a la tinción de las extensiones de sangre /
_cFelipe Jiménez de Asúa.
260 _a[Madrid] :
_b[Junta para Ampliación de Estudios e Investigaciones Científicas],
_c1923.
300 _a4 p. ;
_c21 cm.
490 1 _aTrabajos del Laboratorio de Histología Normal y Patológica de la Junta para Ampliación de Estudios ;
_v30
500 _aSeparata del: Boletín de la Sociedad Española de Biología, Año X, 1923, fasc. V.
650 4 _aCélulas sanguíneas.
_9149259
650 4 _aHistología patológica.
_9143515
830 0 _aTrabajos del Laboratorio de Histología Normal y Patológica de la Junta para Ampliación de Estudios ;
_v30
_9183868
852 _aES-MaACL
_j1667-F-5
999 _c85224
_d85224